[Event "Mittelfranken-chTB2a 1112"]
[Site "Germany"]
[Date "2012.01.15"]
[Round "5.1"]
[White "Ponnath, Lorenz"]
[Black "Lais, Thomas"]
[Result "1-0"]
[WhiteElo "1934"]
[BlackElo "1959"]
[PlyCount "60"]
[EventDate "2011.09.25"]
[EventType "team-tourn"]
[EventRounds "9"]
[EventCountry "GER"]
[SourceTitle "EXT 2013"]
[Source "ChessBase"]
[SourceDate "2012.11.22"]
[SourceVersion "1"]
[SourceVersionDate "2012.11.22"]
[SourceQuality "1"]
[WhiteTeam "Bechhofen II"]
[BlackTeam "Nuernberg Sued SW III"]
[WhiteTeamCountry "GER"]
[BlackTeamCountry "GER"]

1. d4 Nf6 2. c4 g6 3. Nc3 d5 4. cxd5 Nxd5 5. e4 Nxc3 6. bxc3 Bg7 7. Rb1 0-0 8. Bd3 c5 9. Ne2 cxd4 10. cxd4 Nc6 11. d5 Ne5 12. 0-0 Nxd3 13. Qxd3 b6 14. Rd1 Bb7 15. Nd4 Qd7 16. Qg3 Qa4 17. Be3 Rac8 18. f3 Qa3 19. Qf2 Rc4 20. Nb5 Qa4 21. d6 exd6 22. Nxd6 Rc7 23. Qg3 Rd7 24. e5 Rfd8 25. Bg5 Re8 26. Bf6 Bxf6 27. exf6 Re6 28. Rd2 Rxf6 29. Re1 Kg7 30. Qe5 Qa3 1-0

[Event "Mittelfranken-chTB2a 1112"]
[Site "Germany"]
[Date "2011.12.11"]
[Round "4.1"]
[White "Martin, Hans"]
[Black "Ponnath, Lorenz"]
[Result "1-0"]
[WhiteElo "1802"]
[BlackElo "1934"]
[PlyCount "71"]
[EventDate "2011.09.25"]
[EventType "team-tourn"]
[EventRounds "9"]
[EventCountry "GER"]
[SourceTitle "EXT 2013"]
[Source "ChessBase"]
[SourceDate "2012.11.22"]
[SourceVersion "1"]
[SourceVersionDate "2012.11.22"]
[SourceQuality "1"]
[WhiteTeam "Buechenbach/Roth III"]
[BlackTeam "Bechhofen II"]
[WhiteTeamCountry "GER"]
[BlackTeamCountry "GER"]

1. d4 g6 2. e4 Bg7 3. Be2 c5 4. dxc5 Na6 5. c3 Nxc5 6. Qd5 Qc7 7. Be3 d6 8. Bxc5 dxc5 9. Bb5+ Bd7 10. Bxd7+ Qxd7 11. Qxd7+ Kxd7 12. Nf3 Nf6 13. Ng5 Rhf8 14. e5 Ng4 15. e6+ fxe6 16. 0-0 Be5 17. Na3 Bxh2+ 18. Kh1 Bd6 19. f3 Ne3 20. Rfe1 Bf4 21. Nxe6 Kxe6 22. Nc4 Bg3 23. Rxe3+ Kd5 24. b3 Rae8 25. Na5 e5 26. Rd1+ Ke6 27. Nxb7 Rf7 28. Nxc5+ Kf5 29. Ne4 Kf4 30. Red3 Rf5 31. Nxg3 Kxg3 32. Kg1 h5 33. Re1 g5 34. f4+ Kxf4 35. g3+ Kg4 36. Re4+ 1-0

[Event "Regionalliga NO 0910"]
[Site "Bayern"]
[Date "2009.12.13"]
[Round "4.4"]
[White "Klimpel, Thomas"]
[Black "Ponnath, Lorenz"]
[Result "1-0"]
[WhiteElo "2127"]
[BlackElo "1911"]
[PlyCount "31"]
[EventDate "2009.10.18"]
[EventType "team-tourn"]
[EventRounds "9"]
[EventCountry "GER"]
[SourceTitle "EXT 2011"]
[Source "ChessBase"]
[SourceDate "2010.11.26"]
[SourceVersion "1"]
[SourceVersionDate "2010.11.26"]
[SourceQuality "1"]
[WhiteTeam "Kareth Lappersdorf"]
[BlackTeam "Bechhofen"]
[WhiteTeamCountry "GER"]
[BlackTeamCountry "GER"]

1. e4 c6 2. d4 d5 3. e5 Bf5 4. Be3 Na6 5. c3 Nc7 6. Nd2 Qd7 7. Ngf3 Nh6 8. h3 g6 9. g4 Be6 10. Ng5 f6 11. Nxe6 Qxe6 12. f4 Nf7 13. Bd3 Nd6 14. f5 gxf5 15. gxf5 Qg8 16. Rg1 1-0

[Event "Regionalliga NO 0910"]
[Site "Bayern"]
[Date "2009.11.29"]
[Round "3.5"]
[White "Kaeck, Ralf"]
[Black "Ponnath, Lorenz"]
[Result "1-0"]
[WhiteElo "1987"]
[BlackElo "1911"]
[PlyCount "45"]
[EventDate "2009.10.18"]
[EventType "team-tourn"]
[EventRounds "9"]
[EventCountry "GER"]
[SourceTitle "EXT 2011"]
[Source "ChessBase"]
[SourceDate "2010.11.26"]
[SourceVersion "1"]
[SourceVersionDate "2010.11.26"]
[SourceQuality "1"]
[WhiteTeam "Windischeschenbach"]
[BlackTeam "Bechhofen"]
[WhiteTeamCountry "GER"]
[BlackTeamCountry "GER"]

1. d4 Nf6 2. Nf3 g6 3. c4 Bg7 4. Nc3 d5 5. Bg5 Ne4 6. cxd5 Nxg5 7. Nxg5 0-0 8. Nf3 Bg4 9. e3 c5 10. dxc6 bxc6 11. Be2 Nd7 12. h3 Be6 13. 0-0 Nb6 14. Rc1 Rc8 15. Ne4 Bd5 16. Nc5 f5 17. b3 Qd6 18. Qc2 g5 19. Nxg5 e5 20. e4 Qg6 21. exd5 Qxg5 22. Ne6 Qe7 23. Nxf8 1-0

[Event "Saarlouis op 7th"]
[Site "Saarlouis"]
[Date "2004.05.22"]
[Round "6"]
[White "Eperjesi, Laszlo"]
[Black "Ponnath, Lorenz"]
[Result "1-0"]
[WhiteElo "2322"]
[BlackElo "2140"]
[PlyCount "69"]
[EventDate "2004.05.19"]
[EventType "swiss"]
[EventRounds "7"]
[EventCountry "GER"]
[SourceTitle "EXT 2006"]
[Source "ChessBase"]
[SourceDate "2005.11.24"]
[SourceVersion "1"]
[SourceVersionDate "2005.11.24"]
[SourceQuality "1"]

1. d4 c5 2. d5 e5 3. c4 d6 4. Nc3 Be7 5. g3 Bg5 6. e3 f5 7. h4 Bh6 8. Bg2 Nf6 9. Nh3 Qe7 10. 0-0 Na6 11. a3 Bd7 12. Rb1 0-0 13. Ng5 e4 14. Nh3 Ng4 15. Qe2 Rae8 16. Bd2 g5 17. hxg5 Bxg5 18. Nxg5 Qxg5 19. Bh3 Ne5 20. Kg2 Qg6 21. Rh1 Re7 22. Kf1 Nc7 23. b4 Ne8 24. Nd1 Ba4 25. Bc3 Nf6 26. bxc5 Nfd7 27. Rxb7 dxc5 28. Rxa7 Bb3 29. Nb2 Nd3 30. Rb7 Nc1 31. Qd2 Qa6 32. d6 Ref7 33. Qd5 Nd3 34. Bxf5 N7e5 35. Bxh7+ 1-0

[Event "Saarlouis op 7th"]
[Site "Saarlouis"]
[Date "2004.05.22"]
[Round "5"]
[White "Ponnath, Lorenz"]
[Black "Koch, Hans Juergen"]
[Result "1-0"]
[WhiteElo "2140"]
[BlackElo "2247"]
[PlyCount "77"]
[EventDate "2004.05.19"]
[EventType "swiss"]
[EventRounds "7"]
[EventCountry "GER"]
[SourceTitle "EXT 2006"]
[Source "ChessBase"]
[SourceDate "2005.11.24"]
[SourceVersion "1"]
[SourceVersionDate "2005.11.24"]
[SourceQuality "1"]

1. e4 c5 2. Nf3 e6 3. d4 cxd4 4. Nxd4 a6 5. Be2 Qc7 6. Nc3 Nf6 7. 0-0 Nc6 8. Be3 b5 9. a3 Bb7 10. Kh1 Be7 11. f3 Na5 12. Bf4 d6 13. Qe1 0-0 14. Rd1 Rfc8 15. Bc1 Nc4 16. Bd3 d5 17. Bxc4 Qxc4 18. e5 Nd7 19. Qg3 Nxe5 20. Nxe6 Ng6 21. Nd4 Bxa3 22. Nce2 Bf8 23. h4 Qc7 24. f4 Re8 25. Rd3 Bc8 26. Rc3 Qd8 27. f5 Bd6 28. fxg6 Bxg3 29. gxf7+ Kf8 30. fxe8Q+ Kxe8 31. Bg5 Qd6 32. Nf5 Bxf5 33. Rxf5 h6 34. Re3+ Kd7 35. Rf7+ Kc6 36. Rc3+ Kb6 37. Be3+ Ka5 38. Bc5 Qe6 39. Ra3# 1-0

[Event "Saarlouis op 7th"]
[Site "Saarlouis"]
[Date "2004.05.20"]
[Round "2"]
[White "Ponnath, Lorenz"]
[Black "Farago, Ivan"]
[Result "0-1"]
[WhiteElo "2140"]
[BlackElo "2506"]
[PlyCount "38"]
[EventDate "2004.05.19"]
[EventType "swiss"]
[EventRounds "7"]
[EventCountry "GER"]
[SourceTitle "EXT 2006"]
[Source "ChessBase"]
[SourceDate "2005.11.24"]
[SourceVersion "1"]
[SourceVersionDate "2005.11.24"]
[SourceQuality "1"]

1. d4 Nf6 2. Nf3 e6 3. g3 c5 4. Bg2 Qb6 5. 0-0 Nc6 6. c3 d5 7. dxc5 Bxc5 8. b4 Be7 9. Be3 Qc7 10. a4 0-0 11. Na3 e5 12. Qb1 h6 13. b5 Bxa3 14. Rxa3 Na5 15. Qb4 Nc4 16. Nd2 Nxa3 17. Qxa3 Be6 18. a5 Rfc8 19. Nb1 Qc4 0-1

[Event "Oberliga Bayern 0203"]
[Site "Bayern"]
[Date "2003.01.26"]
[Round "5.7"]
[White "Ponnath, Lorenz"]
[Black "Gerer, Josef"]
[Result "0-1"]
[WhiteElo "2057"]
[BlackElo "2095"]
[PlyCount "32"]
[EventDate "2002.10.20"]
[EventType "team-tourn"]
[EventRounds "9"]
[EventCountry "GER"]
[SourceTitle "EXT 2004"]
[Source "ChessBase"]
[SourceDate "2003.11.25"]
[SourceVersion "1"]
[SourceVersionDate "2003.11.25"]
[SourceQuality "1"]
[WhiteTeam "Schwabing"]
[BlackTeam "Passau"]
[WhiteTeamCountry "GER"]
[BlackTeamCountry "GER"]

1. b3 e5 2. Bb2 Nc6 3. Nc3 g6 4. f4 Bg7 5. fxe5 Nxe5 6. e4 d6 7. Be2 Nh6 8. d4 Nc6 9. Nf3 Bg4 10. Qd2 Bxf3 11. Bxf3 Qh4+ 12. Ke2 Nxd4+ 13. Kd3 0-0 14. Raf1 f5 15. Kc4 c6 16. Bc1 fxe4 0-1

[Event "Landesliga Nord 0102"]
[Site "Bayern"]
[Date "2002.04.14"]
[Round "8.7"]
[White "Schnell, Manfred"]
[Black "Ponnath, Lorenz"]
[Result "1-0"]
[WhiteElo "2060"]
[BlackElo "2050"]
[PlyCount "113"]
[EventDate "2001.10.07"]
[EventType "team-tourn"]
[EventRounds "9"]
[EventCountry "GER"]
[SourceTitle "EXT 2003"]
[Source "ChessBase"]
[SourceDate "2002.11.25"]
[SourceVersion "1"]
[SourceVersionDate "2002.11.25"]
[SourceQuality "1"]
[WhiteTeam "Dettingen"]
[BlackTeam "Schwabach"]
[WhiteTeamCountry "GER"]
[BlackTeamCountry "GER"]

1. e4 c5 2. Nf3 a6 3. d4 cxd4 4. Nxd4 Nf6 5. Nc3 e5 6. Nb3 Bb4 7. Qd3 0-0 8. Bd2 b5 9. a3 Bxc3 10. Bxc3 d5 11. exd5 Nbd7 12. Ba5 Qe8 13. Bb4 Bb7 14. Bxf8 Qxf8 15. f3 e4 16. fxe4 Nxe4 17. Be2 Re8 18. 0-0 Nec5 19. Nxc5 Qxc5+ 20. Kh1 Ne5 21. Qd2 Bxd5 22. Rad1 Bc6 23. c3 Qb6 24. Qf4 Qb7 25. Qg3 h6 26. Rf2 Be4 27. Bf3 Nxf3 28. gxf3 Bd5 29. Kg1 Re6 30. Kh1 Rf6 31. Rdf1 Qe7 32. Rg1 g5 33. h4 Rg6 34. hxg5 Qe3 35. Rgf1 Rxg5 36. Qh4 Kh7 37. Qh3 Be6 38. Qh4 Bc4 39. Rg1 Rxg1+ 40. Kxg1 Qg5+ 41. Qg4 Qxg4+ 42. fxg4 Kg6 43. Kg2 Be6 44. Kg3 Kg5 45. Rf4 f6 46. Rd4 Bb3 47. Rd8 f5 48. gxf5 Kxf5 49. Rd6 a5 50. Rb6 Bc4 51. b3 Bd3 52. Rxh6 Ke4 53. Re6+ Kd5 54. Ra6 Bc2 55. Rxa5 Bxb3 56. Rxb5+ Kc4 57. a4 1-0

[Event "Mittelfranken Mitte-ch 0102"]
[Site "Zirndorf"]
[Date "2002.??.??"]
[Round "6"]
[White "Ponnath, Lorenz"]
[Black "Chadwell, Eugene"]
[Result "1-0"]
[WhiteElo "2017"]
[BlackElo "1718"]
[PlyCount "68"]
[EventDate "2002.01.12"]
[EventType "swiss"]
[EventRounds "7"]
[EventCountry "GER"]
[SourceTitle "EXT 2015"]
[Source "ChessBase"]
[SourceDate "2014.11.20"]
[SourceVersion "1"]
[SourceVersionDate "2014.11.20"]
[SourceQuality "1"]

1. d4 d5 2. Nc3 Nf6 3. Bg5 Bf5 4. g4 Bxg4 5. Qd3 c6 6. f3 Bh5 7. Nh3 Nbd7 8. Nf4 Bg6 9. e4 Qc7 10. Nxg6 hxg6 11. e5 Nh7 12. Bd2 e6 13. Bh3 0-0-0 14. 0-0 Be7 15. b4 Ng5 16. Bxg5 Bxg5 17. f4 Be7 18. b5 c5 19. b6 Nxb6 20. Nb5 c4 21. Qe3 Qd7 22. a4 Nxa4 23. Rfb1 a6 24. Na3 Qc6 25. c3 Nc5 26. Nxc4 Nb3 27. Rxb3 Qxc4 28. Rab1 Rd7 29. Bf1 Qc6 30. Rb6 Qc7 31. Bxa6 bxa6 32. Qe2 Qxc3 33. Rb8+ Kc7 34. R1b7+ Kc6 1-0

[Event "Landesliga Nord 0001"]
[Site "Bayern"]
[Date "2000.12.10"]
[Round "3"]
[White "Ponnath, Lorenz"]
[Black "Hitzler, Philipp"]
[Result "0-1"]
[WhiteElo "2060"]
[BlackElo "2030"]
[PlyCount "78"]
[EventDate "2000.10.15"]
[EventType "team-tourn"]
[EventRounds "9"]
[EventCountry "GER"]
[SourceTitle "EXT 2020"]
[Source "ChessBase"]
[SourceDate "2019.10.17"]
[SourceVersion "1"]
[SourceVersionDate "2019.10.17"]
[SourceQuality "1"]
[WhiteTeam "Schwabach"]
[BlackTeam "Neutraubling Wacker"]
[WhiteTeamCountry "GER"]
[BlackTeamCountry "GER"]

1. d4 Nf6 2. c4 e6 3. Nc3 Bb4 4. Bg5 h6 5. Bh4 c5 6. d5 d6 7. e3 Bxc3+ 8. bxc3 e5 9. Bd3 Qe7 10. Ne2 g5 11. Bg3 e4 12. Bc2 Kd8 13. Qb1 Nbd7 14. a4 Re8 15. a5 Ne5 16. 0-0 Nxc4 17. Qb5 Ne5 18. Ba4 Rb8 19. Rfd1 h5 20. Qb1 Rg8 21. Ra3 Nc4 22. h4 Nxa3 23. Qb3 Bg4 24. Rd2 Bxe2 25. Rxe2 Nh7 26. Qxa3 gxh4 27. Bf4 Ng5 28. Qb3 b5 29. Qb1 a6 30. Bc2 f5 31. Kh2 h3 32. g3 Nf3+ 33. Kh1 Rb7 34. Bd1 h4 35. Rb2 Ne5 36. Be2 Ng6 37. Bxb5 Rxb5 38. c4 Rxb2 39. Qxb2 Ke8 0-1

[Event "Landesliga Nord 0001"]
[Site "Bayern"]
[Date "2000.10.15"]
[Round "1"]
[White "Ponnath, Lorenz"]
[Black "Martin Fernandez, Rodrigo"]
[Result "0-1"]
[WhiteElo "2060"]
[BlackElo "2215"]
[PlyCount "76"]
[EventDate "2000.10.15"]
[EventType "team-tourn"]
[EventRounds "9"]
[EventCountry "GER"]
[SourceTitle "EXT 2020"]
[Source "ChessBase"]
[SourceDate "2019.10.17"]
[SourceVersion "1"]
[SourceVersionDate "2019.10.17"]
[SourceQuality "1"]
[WhiteTeam "Schwabach"]
[BlackTeam "Erlangen TB"]
[WhiteTeamCountry "GER"]
[BlackTeamCountry "GER"]

1. f4 Nf6 2. Nf3 e6 3. d3 d5 4. e3 Nbd7 5. Be2 Bd6 6. Nc3 c6 7. 0-0 Qc7 8. Qe1 0-0 9. Qh4 e5 10. g4 d4 11. exd4 exd4 12. Ne4 Nxe4 13. dxe4 Bxf4 14. Ng5 Bxg5 15. Bxg5 Ne5 16. Rf6 Ng6 17. Rxg6 hxg6 18. Rf1 Be6 19. Bf4 Qd8 20. Qg3 Qb6 21. Bd3 c5 22. b3 c4 23. bxc4 Rac8 24. Bd6 Rfd8 25. e5 Bxc4 26. Qf4 Bxa2 27. h4 Rxc2 28. h5 Bd5 29. Bxc2 d3+ 30. Kh2 dxc2 31. hxg6 fxg6 32. Qd2 Qc6 33. Kg3 Rc8 34. Kh4 Be6 35. Ba3 Qa4 36. Bb4 c1Q 37. Rxc1 Rxc1 38. Kg5 Qd1 0-1

[Event "Mittelfranken-ch HT 49th"]
[Site "Ansbach"]
[Date "2000.??.??"]
[Round "2"]
[White "Heimrath, Reiner"]
[Black "Ponnath, Lorenz"]
[Result "1-0"]
[WhiteElo "2272"]
[BlackElo "2060"]
[PlyCount "59"]
[EventDate "2000.04.18"]
[EventType "swiss"]
[EventRounds "9"]
[EventCountry "GER"]
[SourceTitle "EXT 2011"]
[Source "ChessBase"]
[SourceDate "2010.11.26"]
[SourceVersion "1"]
[SourceVersionDate "2010.11.26"]
[SourceQuality "1"]

1. e4 e6 2. b3 d5 3. Bb2 dxe4 4. Nc3 f5 5. f3 Bd6 6. g3 Nf6 7. fxe4 fxe4 8. Qe2 Be5 9. 0-0-0 Nc6 10. Bg2 Nd4 11. Qe1 0-0 12. Nh3 a5 13. Ng5 a4 14. Nxa4 Rxa4 15. bxa4 Nxc2 16. Qe2 Nd4 17. Qc4 Qd5 18. d3 Bxg3 19. Nxe4 Qxc4+ 20. dxc4 Bf4+ 21. Kb1 e5 22. Rhf1 Ng4 23. Bc1 Bxc1 24. Rxf8+ Kxf8 25. Rxc1 Ne3 26. Bh1 Bf5 27. Kb2 Ke7 28. c5 h6 29. Re1 Ndc2 30. Re2 1-0

[Event "Regionalliga NO 9900"]
[Site "Bayern"]
[Date "2000.??.??"]
[Round "6.4"]
[White "Ponnath, Lorenz"]
[Black "Bauer, Andreas"]
[Result "1-0"]
[WhiteElo "2075"]
[BlackElo "2130"]
[PlyCount "89"]
[EventDate "1999.??.??"]
[EventType "team-tourn"]
[EventRounds "9"]
[EventCountry "GER"]
[SourceTitle "EXT 2020"]
[Source "ChessBase"]
[SourceDate "2019.10.17"]
[SourceVersion "1"]
[SourceVersionDate "2019.10.17"]
[SourceQuality "1"]
[WhiteTeam "Schwabach"]
[BlackTeam "Postbauer"]
[WhiteTeamCountry "GER"]
[BlackTeamCountry "GER"]

1. d4 Nf6 2. c4 g6 3. Nc3 Bg7 4. e4 d6 5. h3 0-0 6. Bg5 c6 7. Bd3 Nbd7 8. Nge2 a6 9. 0-0 b5 10. Rc1 bxc4 11. Bxc4 Qa5 12. Qd2 Rb8 13. Bb3 Qb4 14. Rfd1 a5 15. Qe3 Nb6 16. Nf4 a4 17. Bxf6 exf6 18. Nxa4 Nxa4 19. Rc4 Qb5 20. Rxa4 f5 21. Nd3 Qb6 22. Rb4 Qc7 23. Rxb8 Qxb8 24. e5 c5 25. f4 Ba6 26. dxc5 Bxd3 27. Qxd3 dxe5 28. Qc4 exf4 29. Rd7 h5 30. c6 Qb6+ 31. Kf1 f3 32. c7 Qe3 33. Rd8 fxg2+ 34. Kxg2 Qg5+ 35. Kf3 Rxd8 36. cxd8Q+ Qxd8 37. Qxf7+ Kh7 38. Ke2 Qd6 39. Qe8 Qh2+ 40. Kd1 Qh1+ 41. Ke2 Qxh3 42. Bg8+ Kh6 43. b3 Qg2+ 44. Kd3 Qxa2 45. Qe3+ 1-0

[Event "Mittelfranken-ch HT 49th"]
[Site "Ansbach"]
[Date "2000.??.??"]
[Round "9"]
[White "Ponnath, Lorenz"]
[Black "Erlbeck, Peter"]
[Result "0-1"]
[WhiteElo "2060"]
[BlackElo "2005"]
[PlyCount "54"]
[EventDate "2000.04.18"]
[EventType "swiss"]
[EventRounds "9"]
[EventCountry "GER"]
[SourceTitle "EXT 2011"]
[Source "ChessBase"]
[SourceDate "2010.11.26"]
[SourceVersion "1"]
[SourceVersionDate "2010.11.26"]
[SourceQuality "1"]

1. e4 c5 2. Nf3 Nc6 3. d4 cxd4 4. c3 dxc3 5. Nxc3 e6 6. Bc4 Be7 7. 0-0 d6 8. Bf4 e5 9. Be3 Nf6 10. Ng5 0-0 11. h3 Na5 12. Bd3 h6 13. b4 hxg5 14. bxa5 g4 15. f4 exf4 16. Rxf4 Nh5 17. Rxg4 Bxg4 18. hxg4 Bg5 19. Qf3 Bxe3+ 20. Qxe3 Nf6 21. Qh3 Qxa5 22. e5 Qc5+ 23. Kh1 Qxe5 24. Rf1 g6 25. Rxf6 Qxf6 26. Ne4 Qa1+ 27. Kh2 Kg7 0-1

[Event "Mittelfranken-ch HT 49th"]
[Site "Ansbach"]
[Date "2000.??.??"]
[Round "3"]
[White "Ponnath, Lorenz"]
[Black "Kaiser, Harald"]
[Result "1-0"]
[WhiteElo "2060"]
[BlackElo "1893"]
[PlyCount "75"]
[EventDate "2000.04.18"]
[EventType "swiss"]
[EventRounds "9"]
[EventCountry "GER"]
[SourceTitle "EXT 2011"]
[Source "ChessBase"]
[SourceDate "2010.11.26"]
[SourceVersion "1"]
[SourceVersionDate "2010.11.26"]
[SourceQuality "1"]

1. e4 d6 2. c4 e5 3. Nc3 Nc6 4. h3 f5 5. exf5 Bxf5 6. g4 Be6 7. Bg2 Qd7 8. d3 g6 9. Nge2 Bg7 10. Bg5 Nge7 11. Nd5 0-0 12. Nec3 h6 13. Be3 Nd4 14. Qd2 Kh7 15. 0-0-0 c6 16. Nxe7 Qxe7 17. Rde1 Qf6 18. Rhf1 Nf3 19. Bxf3 Qxf3 20. Ne4 d5 21. Nc5 Bg8 22. Qc2 b5 23. cxb5 cxb5 24. Kb1 Rfc8 25. Qd2 d4 26. Ne4 Qf7 27. b3 Qd5 28. Bxh6 Bxh6 29. Nf6+ Kg7 30. g5 Bxg5 31. Qxg5 Qf3 32. Ne4 Qxd3+ 33. Ka1 Bxb3 34. Qf6+ Kh7 35. Rg1 Rc1+ 36. Rxc1 Qxe4 37. Rc7+ Kg8 38. Qg7# 1-0

[Event "Mittelfranken-ch HT 49th"]
[Site "Ansbach"]
[Date "2000.??.??"]
[Round "7"]
[White "Ponnath, Lorenz"]
[Black "Nickmann, Peter"]
[Result "0-1"]
[WhiteElo "2060"]
[BlackElo "1984"]
[PlyCount "96"]
[EventDate "2000.04.18"]
[EventType "swiss"]
[EventRounds "9"]
[EventCountry "GER"]
[SourceTitle "EXT 2011"]
[Source "ChessBase"]
[SourceDate "2010.11.26"]
[SourceVersion "1"]
[SourceVersionDate "2010.11.26"]
[SourceQuality "1"]

1. c4 e5 2. Nc3 Nf6 3. g3 d5 4. cxd5 Nxd5 5. Bg2 Nxc3 6. bxc3 Bd6 7. Nf3 0-0 8. 0-0 c6 9. d3 Re8 10. Nd2 Be6 11. Qc2 Nd7 12. Nc4 Bc5 13. Rb1 Rb8 14. Kh1 Bd5 15. f3 Bxc4 16. dxc4 Qe7 17. f4 e4 18. f5 e3 19. a4 Nf6 20. Rf4 Qd6 21. Bf3 Red8 22. Kg2 Qd1 23. Rb2 Ba3 24. Bxe3 Bxb2 25. Qxb2 Qxa4 26. Bd4 Nd7 27. c5 Qb5 28. Qc1 Re8 29. Bxg7 Rxe2+ 30. Kh3 Qb2 31. Qxb2 Rxb2 32. Bh6 Nf6 33. Rd4 Kh8 34. g4 Ng8 35. Bd2 h6 36. Kg3 Re8 37. h4 f6 38. g5 hxg5 39. hxg5 Kg7 40. g6 Re7 41. Rd6 Rb5 42. Bxc6 bxc6 43. Rxc6 Nh6 44. Kf4 Nxf5 45. Kxf5 Re5+ 46. Kf4 Rexc5 47. Ra6 Ra5 48. Rd6 Rd5 0-1

[Event "Mittelfranken-ch HT 49th"]
[Site "Ansbach"]
[Date "2000.??.??"]
[Round "5"]
[White "Ponnath, Lorenz"]
[Black "Schraufl, Wolfhardt"]
[Result "1-0"]
[WhiteElo "2060"]
[BlackElo "1966"]
[PlyCount "67"]
[EventDate "2000.04.18"]
[EventType "swiss"]
[EventRounds "9"]
[EventCountry "GER"]
[SourceTitle "EXT 2011"]
[Source "ChessBase"]
[SourceDate "2010.11.26"]
[SourceVersion "1"]
[SourceVersionDate "2010.11.26"]
[SourceQuality "1"]

1. d4 d5 2. c4 c6 3. Nf3 Nf6 4. Nc3 e6 5. Bg5 Nbd7 6. e3 Qa5 7. Bxf6 Nxf6 8. Nd2 Be7 9. Bd3 0-0 10. 0-0 Rd8 11. Qe2 Qc7 12. Rac1 b6 13. cxd5 exd5 14. h3 Bb7 15. Nf3 a6 16. e4 dxe4 17. Nxe4 Nd5 18. Ne5 c5 19. f4 f5 20. Ng3 g6 21. Nxf5 gxf5 22. Bxf5 Nf6 23. Rc3 Bd5 24. g4 Qd6 25. g5 Nd7 26. Bxh7+ Kxh7 27. Qh5+ Kg7 28. f5 Nxe5 29. f6+ Kf8 30. Re3 cxd4 31. Qh8+ Kf7 32. fxe7+ Kxe7 33. Qg7+ Ke8 34. Rf8+ 1-0

[Event "Mittelfranken Mitte-ch 9900"]
[Site "Zirndorf"]
[Date "2000.??.??"]
[Round "4"]
[White "Ponnath, Lorenz"]
[Black "Soergel, Frank"]
[Result "1/2-1/2"]
[WhiteElo "2096"]
[BlackElo "2083"]
[PlyCount "38"]
[EventDate "2000.01.22"]
[EventType "swiss"]
[EventRounds "7"]
[EventCountry "GER"]
[SourceTitle "EXT 2015"]
[Source "ChessBase"]
[SourceDate "2014.11.20"]
[SourceVersion "1"]
[SourceVersionDate "2014.11.20"]
[SourceQuality "1"]

1. d4 Nf6 2. c4 g6 3. Nc3 d5 4. Nf3 Bg7 5. cxd5 Nxd5 6. e4 Nxc3 7. bxc3 0-0 8. Rb1 c5 9. Be2 Nc6 10. Be3 cxd4 11. cxd4 Qa5+ 12. Bd2 Qxa2 13. d5 Nd4 14. Nxd4 Bxd4 15. 0-0 b6 16. Bf4 Bg7 17. Qd3 Bd7 18. Rfc1 Rac8 19. Bc7 Bb2 1/2-1/2

[Event "Mittelfranken-ch HT 49th"]
[Site "Ansbach"]
[Date "2000.??.??"]
[Round "4"]
[White "Stephan, Jan"]
[Black "Ponnath, Lorenz"]
[Result "1-0"]
[WhiteElo "2007"]
[BlackElo "2060"]
[PlyCount "80"]
[EventDate "2000.04.18"]
[EventType "swiss"]
[EventRounds "9"]
[EventCountry "GER"]
[SourceTitle "EXT 2011"]
[Source "ChessBase"]
[SourceDate "2010.11.26"]
[SourceVersion "1"]
[SourceVersionDate "2010.11.26"]
[SourceQuality "1"]

1. d4 Nf6 2. c4 g6 3. Nc3 d5 4. cxd5 Nxd5 5. e4 Nxc3 6. bxc3 Bg7 7. Bc4 0-0 8. Ne2 Qd7 9. 0-0 b5 10. Bd5 c6 11. Bb3 Bb7 12. Rb1 Na6 13. c4 Nc7 14. Be3 Rfd8 15. Qc1 Rac8 16. Rd1 Ne6 17. Qa3 h6 18. cxb5 cxb5 19. Qxa7 Bxe4 20. Qxd7 Rxd7 21. Bxe6 fxe6 22. Rxb5 Rc2 23. Ng3 Bd5 24. a4 Rdc7 25. h3 Ra2 26. a5 Rcc2 27. Nf1 Kf7 28. Rd2 g5 29. Rxc2 Rxc2 30. Nd2 Kg6 31. Nb1 Kf5 32. Rc5 Rc4 33. Na3 Ra4 34. Nb5 Kg6 35. Nc3 Ra2 36. Kh2 Bb7 37. Rc7 Ba8 38. Rxe7 Bf8 39. Rxe6+ Kf7 40. Ra6 Bb7 1-0

[Event "Mittelfranken-ch HT 49th"]
[Site "Ansbach"]
[Date "2000.??.??"]
[Round "8"]
[White "Zeltner, Ottmar"]
[Black "Ponnath, Lorenz"]
[Result "1-0"]
[WhiteElo "2076"]
[BlackElo "2060"]
[PlyCount "59"]
[EventDate "2000.04.18"]
[EventType "swiss"]
[EventRounds "9"]
[EventCountry "GER"]
[SourceTitle "EXT 2011"]
[Source "ChessBase"]
[SourceDate "2010.11.26"]
[SourceVersion "1"]
[SourceVersionDate "2010.11.26"]
[SourceQuality "1"]

1. e4 e6 2. d4 d5 3. Nc3 Bb4 4. e5 c5 5. a3 Bxc3+ 6. bxc3 Nc6 7. Nf3 Bd7 8. Bd3 Qc7 9. 0-0 c4 10. Be2 f6 11. Bf4 Nge7 12. Bg3 Nf5 13. exf6 Nxg3 14. fxg3 gxf6 15. Nh4 0-0 16. Bh5 Kh8 17. Qd2 Be8 18. Bg4 Qf7 19. Rae1 Bd7 20. Qe2 Qg7 21. Bxe6 Rae8 22. Nf5 Qg6 23. Bxd7 Rxe2 24. Rxe2 Nb8 25. Be6 Re8 26. Nd6 Re7 27. Rfe1 Nc6 28. Bxd5 Qh5 29. Rxe7 Qxd5 30. Rd7 1-0

[Event "Regionalliga NO 9900"]
[Site "Bayern"]
[Date "2000.??.??"]
[Round "8.3"]
[White "Zvara, Petr"]
[Black "Ponnath, Lorenz"]
[Result "1-0"]
[WhiteElo "2355"]
[BlackElo "2095"]
[PlyCount "73"]
[EventDate "1999.??.??"]
[EventType "team-tourn"]
[EventRounds "9"]
[EventCountry "GER"]
[SourceTitle "EXT 2020"]
[Source "ChessBase"]
[SourceDate "2019.10.17"]
[SourceVersion "1"]
[SourceVersionDate "2019.10.17"]
[SourceQuality "1"]
[WhiteTeam "Cham"]
[BlackTeam "Schwabach"]
[WhiteTeamCountry "GER"]
[BlackTeamCountry "GER"]

1. e4 e5 2. Nf3 Nc6 3. Bc4 Be7 4. d4 exd4 5. 0-0 d6 6. Nxd4 Nf6 7. Nc3 0-0 8. Bg5 h6 9. Bf4 Ne5 10. Be2 c6 11. Qd2 Qc7 12. a4 Re8 13. f3 Bf8 14. Kh1 b6 15. Rg1 Ng6 16. Be3 Bb7 17. Rae1 Rad8 18. Bc4 Ne5 19. Bb3 Ba6 20. Qf2 Bc4 21. g4 Bxb3 22. Nxb3 Nh7 23. Nd4 a6 24. b3 b5 25. Nf5 Nd7 26. h4 b4 27. Ne2 d5 28. exd5 cxd5 29. Nf4 Nhf6 30. g5 hxg5 31. hxg5 Rxe3 32. Qxe3 Qxc2 33. Ne7+ Bxe7 34. Qxe7 Re8 35. gxf6 Nxf6 36. Rxg7+ Kh8 37. Qxf6 1-0